000 00601cab a2200229 4500
001 X1994
008 090401t1995 xxu||||| |||| 00| 0 eng d
035 _a(Sirsi) u20953
041 _aeng
100 _aVenmore-Rowland, P.
245 _aCompeting in a new market
260 _c1995
350 _a0
490 _aProperty Week
_v50(8) 23 February 1995, 26-27(2)
650 _aABOUT RICS-RICS MEMBERS
650 _aCPD
650 _aRICS
650 _aCAREERS, EDUCATION AND TRAINING
690 _aMANAGEMENT-BUSINESS MANAGEMENT-PROFESSIONAL PRACTICE
942 _n0
948 _c04/03/1997
999 _c14052
_d14052